000 00663nam a2200205Ia 4500
005 20260121110244.0
008 008 260114s9999 xx 000 0 hin d
020 _a9788132301875
037 _aEBOOK
040 _aCRL
_bhin
_cCRL
041 _ahin
_2hin
084 _qCRL
100 _aअमरनाथ प्रसाद / Amarnath Prasad
_9943950
245 0 _aगांधी विचार एवं समाज / Gandhi Vichar Aur Samaj
260 _bभाषा प्रकाशन / Bhasha Prakashan
_c2020
856 _uhttps://bhashaprakashan.com/product-details/377853
942 _cEBOOK
999 _c1535615
_d1535615